000 00861npm a2200229 i 4500
001 5190
003 ES-MaACL
005 20230908134924.0
007 hzrazu bucu
008 900423r19901913cu a 00010 spa d
080 _a05(729.1)
080 _a05(729.1 Habana) Cuba Contemporanea
245 0 0 _aCuba contemporanea
_b: [Microforma].
260 _aMadrid :
_bAteneo Cientifico, Literario y Artistico,
_c1990.
300 _a3 carretes microfilme :
_bnegativo ;
_c16 mm.
500 _aPublicada originalmente: Habana, Aurelio Miranda, 1913-1917, periodicidad mensual.
505 8 _aCarrete n. 1: 1913 a 1914 (agost.) -- Carrete n. 2: 1914 (sept.) a 1916 (abr.) -- Carrete n. 3: 1916 (mayo) a 1917 (jul.)
852 _aES-MaACL
_jMC-425-427
_95307
_cDEPO1
942 _2udc
_cMICROFORMA
999 _c5190
_d5190